00468nam a22001217a 4500082000800000100002000008245012800028260003600156300003100192650003400223700003100257856005800288 a200 aMuneer, Aamara  aThe impact of protracted Afghan refugees on socio-economic conditions of Peshawar and its remedial measures/cAamara Muneer aIslamabad :bMCE - NUST,c2017. axii, 83 p. : ill. ;c30cm. aMS-Basic sciences Humanities  aSupervisor. Hassan Farooq. u http://10.250.8.41:8080/xmlui/handle/123456789/20303